Sports Quiz

Random Sports or MLB Quiz

2000 Hits for One MLB Franchise Quiz Stats

 Plays Quiz Updated Oct 1, 2019

Support Sporcle.
Go Orange.
Score 0/93 Timer 10:00
8 Plays Today
Hits Player % Correct
3465Derek Jeter
96.5%
3358Pete Rose
93.6%
3900Ty Cobb
92.9%
3600Hank Aaron
92.4%
3184Cal Ripken, Jr.
92.1%
2654Ted Williams
90.5%
2336Bernie Williams
90.3%
2510Billy Williams
90.2%
3154George Brett
90%
3187Willie Mays
90%
3060Craig Biggio
89.1%
3141Tony Gwynn
88.7%
3630Stan Musial
88.3%
3419Carl Yastrzemski
86.4%
2518Babe Ruth
85.9%
3000Roberto Clemente
84.7%
2726Chipper Jones
84.5%
2721Lou Gehrig
84%
3142Robin Yount
84%
2415Mickey Mantle
83.4%
2848Brooks Robinson
82.8%
2542Ichiro Suzuki
82.5%
2314Jeff Bagwell
81.7%
2583Ernie Banks
79.6%
2214Joe DiMaggio
77.2%
2136Frank Thomas
76%
2024Miguel Cabrera
75.5%
2519Todd Helton
74.9%
2304Kirby Puckett
73.9%
3007Al Kaline
73.7%
2967Honus Wagner
73.5%
Hits Player % Correct
2234Mike Schmidt
73.2%
2048Johnny Bench
72.9%
2073Albert Pujols
72.6%
2385Ryne Sandberg
71.8%
2247Edgar Martinez
71.2%
2123Joe Mauer
70.6%
2079David Ortiz
70.5%
2281Paul Molitor
69.5%
2306Jimmy Rollins
69.4%
2452Jim Rice
69.2%
2889Sam Rice
69%
2340Barry Larkin
68.6%
2148Yogi Berra
68.2%
2232Willie Stargell
67.5%
2876Mel Ott
64.8%
2292Paul Konerko
63.4%
2001Yadier Molina
63.4%
2153Don Mattingly
62.6%
2098Wade Boggs
62.4%
2365Alan Trammell
61.3%
2080Eddie Murray
61.2%
2024Harmon Killebrew
60.7%
2470Nellie Fox
58.4%
2085Rod Carew
57.8%
2230Michael Young
57.8%
2713Lou Brock
57.4%
3012Cap Anson
56.5%
2368Garret Anderson
55.3%
2201Eddie Mathews
55%
2171Ron Santo
55%
2369Lou Whitaker
54.3%
Hits Player % Correct
2373Dwight Evans
53%
2170Pee Wee Reese
48.8%
2110Rogers Hornsby
48.4%
2201Mark Grace
48.4%
2326Dave Concepcion
48.3%
2868Paul Waner
46.5%
2317Lloyd Waner
46.4%
2046Nap Lajoie
44.6%
2006Frank White
43.9%
2839Charlie Gehringer
39.9%
2016Bill Mazeroski
37.9%
2217Richie Ashburn
36.7%
2749Luke Appling
35.5%
2091Willie Davis
33.2%
2295George Sisler
31.3%
2007Eddie Collins
30.2%
2466Sam Crawford
29.8%
2042Bobby Doerr
27.5%
2804Zack Wheat
26.4%
2064Enos Slaughter
26%
2416Pie Traynor
25.2%
2499Harry Heilmann
22.4%
2193Bill Terry
20.9%
2214Ed Delahanty
20.6%
2258Bid McPhee
14%
2416Max Carey
12.4%
2193Stan Hack
8.1%
2291Joe Judge
7.6%
2084Jimmy Ryan
5.1%
2100Clyde Milan
4.6%
2012Ed McKean
2.8%

You're not logged in!

Compare scores with friends on all Sporcle quizzes.
OR
Log In

From the Vault

Missing Middles Medley: J

by MSUKent

Having a J in your signature would certainly make learning cursive more fun.
Remove Ads.
Support Sporcle.
Get the best of Sporcle when you Go Orange. This ad-free experience offers more features, more stats, and more fun while also helping to support Sporcle. Thank you for becoming a member.

Show Comments

Extras

Top Quizzes Today


Score Distribution

Your Account Isn't Verified!

In order to create a playlist on Sporcle, you need to verify the email address you used during registration. Go to your Sporcle Settings to finish the process.

Report this User

Report this user for behavior that violates our Community Guidelines.

Details: